000 00489nam a2200157 i 4500
001 71284
003 ES-MaACL
005 20230906171103.0
007 t|
008 040809s1952 sp ||||1| spa d
100 1 _aGay de Montellá, Rafael.
_956117
245 1 0 _aValoración hispánica en el Mediterraneo
_b: estudios de Política Internacional /
_cR. Gay de Montellá.
260 _aMadrid :
_bEspasa-Calpe,
_c1952.
300 _a378 p. ;
_c23 cm.
852 _aES-MaACL
_jD-7527
_bR.32102
999 _c71284
_d71284